Представление документа в формате RUSMARC

ПолеНазваниеЗначение
  Тип записи a
  Библиографический уровень a
001 Контрольный номер RU/CBS_Ul/BASE/490886106
005 Дата корректировки 20240209175149.3
100 Данные общей обработки __
a Данные общей обработки 20150722d2015 ||| 0rusy0189 ca
101 Язык документа 0_
a Язык текста rus
102 Страна публикации __
a Страна публикации RU
105 Кодированные данные (монография) __
a Кодированные данные (монография) y###||||000|y
200 Заглавие и сведения об ответственности 1_
a Заглавие Юбилейная зарница
b Общее обозначение материала Текст
e Сведения, относящиеся к заглавию [военно-патриотическая игра для учащихся 5-8 кл.]
f Первые сведения об ответственности А. В. Чаусова, Т. К. Потапова
300 Общие примечания __
a Общие примечания Ограничения по возрасту - 16+
461 Уровень набора _0
1 2000
a Читаем, учимся, играем
463 Уровень физической единицы _0
1 001RU/CBS_Ul/BASE/490798735
1 2000
a № 3
v С.26-31
1 210
d 2015
606 Тематические рубрики 0_
a Основная рубрика "Зарница", военно-спортивная детская игра
610 Ключевые слова 0_
a Ключевые слова игры командные
a Ключевые слова Зарница (военно-спортивные игры)
a Ключевые слова военно-спортивные игры
686 Индексы других классификаций __
a Классификационный индекс 74.200.5
2 Код системы ББК
700 Автор _1
a Фамилия Чаусова
b Имя (инициалы) А. В.
701 Альтернативная интеллектуальная ответственность _1
a Фамилия Потапова
b Имя (инициалы) Т. К.
801 Источник записи _0
a Страна RU
b Организация МБУК ЦБС г. Ульяновска
c Дата составления 20150722
g Правила каталогизации RCR
801 Источник записи _1
a Страна RU
b Организация МБУК ЦБС г. Ульяновска
c Дата составления 20150722
g Правила каталогизации RCR
901 Тип документа __
t Тип документа b
w Контрольный № источника RU/CBS_Ul/BASE/490798735
910 Корректоры записи __
a Корректор записи admin2
938 Служебная информация __
a Имя БД period